Loading...
| Philosophy | 0 | 6 | 0 | 2 | 60 | 71 | 90.83 | 0 | 1 | 13.06 | 26.28 |
| Religion | 0 | 5 | 0 | 1 | 50 | 59 | 96.00 | 0 | 2 | 8.48 | 26.44 |
| Science - Other | 0 | 4 | 0 | 0 | 40 | 67 | 96.75 | 0 | 0 | 9.57 | 13.33 |
| Social Science | 0 | 4 | 1 | 0 | 35 | 67 | 88.50 | 0 | 1 | 7.89 | 15.11 |
| Fine Arts - Classical Music | 0 | 3 | 0 | 1 | 30 | 108 | 112.33 | 0 | 0 | 1.96 | 6.17 |
| Literature - World | 0 | 3 | 0 | 1 | 30 | 113 | 124.67 | 0 | 0 | 2.30 | 9.83 |
| History - European | 0 | 2 | 0 | 0 | 20 | 65 | 88.50 | 0 | 2 | 6.82 | 17.00 |
| Science - Biology | 0 | 2 | 0 | 0 | 20 | 36 | 41.00 | 0 | 1 | 12.26 | 14.44 |
| Science - Physics | 0 | 2 | 0 | 0 | 20 | 100 | 104.00 | 0 | 0 | 1.60 | 5.56 |
| Fine Arts - Painting and Sculpture | 0 | 2 | 0 | 1 | 20 | 75 | 102.00 | 0 | 1 | 3.64 | 7.67 |
| Literature - European | 0 | 2 | 0 | 0 | 20 | 131 | 135.50 | 0 | 0 | 1.45 | 3.22 |
| History - Other | 0 | 1 | 0 | 0 | 10 | 103 | 103.00 | 0 | 0 | 1.56 | 2.50 |
| Fine Arts - Other | 0 | 1 | 0 | 1 | 10 | 135 | 135.00 | 0 | 0 | 0.00 | 3.33 |
| Popular Culture | 0 | 1 | 0 | 0 | 10 | 143 | 143.00 | 0 | 0 | 0.00 | 3.33 |
| Geography | 0 | 1 | 0 | 0 | 10 | 103 | 103.00 | 0 | 0 | 21.37 | 58.33 |
| Literature - British | 0 | 1 | 1 | 0 | 5 | 133 | 133.00 | 0 | 0 | 0.22 | 3.00 |
| History - American | 0 | 1 | 1 | 0 | 5 | 89 | 89.00 | 0 | 0 | 2.76 | 3.00 |
| Literature - American | 0 | 1 | 1 | 0 | 5 | 142 | 142.00 | 0 | 0 | 0.00 | 0.83 |
| Mythology | 0 | 1 | 2 | 1 | 0 | 125 | 125.00 | 0 | 0 | 0.00 | 0.83 |
| History - World | 0 | 0 | 1 | 0 | -5 | 0.00 | 0 | 0 | 0.00 | 0.00 | |
| Science - Chemistry | 0 | 0 | 1 | 0 | -5 | 0.00 | 0 | 0 | 0.00 | 0.00 |